01195 a2200205 45000010006000000050017000060080041000230030015000640400040000790800118001192450056002370200022002932500012003152640044003273000023003715050526003940410008009201000034009287000027009626106320260407155901.0260407a1991 arg spa dAR-UNSa-BCEJYS aAR-UNSa-BCEJYSbspacAR-UNSa-BCEJYS a343.359xDelitos contra el fisco y otras autoridades administrativas (Derecho Penal Tributario, Delitos fiscales)10aIlícitos tributarios en las leyes 11.683 y 23.771 a978-950-14-0623-8 a2a. ed. 1aBuenos Aires :bEdiciones Depalmac1991 axx, 348 p.c23 cm. a1. El ilícito tributario. Su ubicación en el marco del derecho público - 2. Derecho tributario penal. Su relación con otras ramas del derecho - 3. Sujetos infractores - 4. Intencionalidad - 5. Infractores y sanciones en la legislación tributaria - 6. Infracciones formales - 7. Infracciones materiales en la ley 11.683 - 8. La ley penal, tributaria - 9. Concurrencia de sanciones - 10. El procedimiento sumarial en la ley 11.683 - 11. El procedimiento para la clausura - 12. Aspectos procesales en la ley 23.771 aspa1 aGurfinkel de Wendy, Lilian N.1 aRusso, Eduardo Ángel